| 000 | 00524nam a2200181 a 4500 | ||
|---|---|---|---|
| 001 | 6635 | ||
| 003 | CO-ViMGA | ||
| 008 | 141112s2004 ck r 000 u spa d | ||
| 040 |
_aCO-ViMGA _bspa _cCO-ViMGA |
||
| 082 | 0 | 4 | _a650.1 P317 |
| 100 | 1 |
_aPearson, Barrie _95511 |
|
| 245 | 1 | 0 |
_aEstrategías de negocios : _bcómo mejorar drásticamente sus utilidades y su flujo de fondos |
| 260 |
_aSantafé de Bogotá : _bTercer Mundo, _c1993 |
||
| 300 | _a188 p : il | ||
| 490 | _aGerencial | ||
| 650 | 1 | 4 | _aNEGOCIOS |
| 942 |
_2ddc _cBK |
||
| 999 |
_c18604 _d18604 |
||